Countries of Greater Spain on a Map - Statistics

General Stats
  • This quiz has been taken 74 times
  • The average score is 7 of 7
Answers on the Map
Answers color-coded by a green-red scale on the quiz's map according to % correct below.
 
Answer Stats
Country % Correct
Portugal
100%
Spain
100%
Andorra
98%
Morocco
98%
Algeria
97%
France
97%
United Kingdom
95%
No matching quizzes found
Score Distribution
Percent of People with Each Score
Percentile by Number Answered
Your Score History
You have not taken this quiz